Geographical information and climatology

محفوظ في:
التفاصيل البيبلوغرافية
المؤلف الرئيسي: Carrega, Pierre (مؤلف)
التنسيق: كتاب
اللغة:الإنجليزية
منشور في: Londres ISTE 2010
سلاسل:Geographical Information Systems Series
الموضوعات:
الوسوم: إضافة وسم
لا توجد وسوم, كن أول من يضع وسما على هذه التسجيلة!

MARC

LEADER 00000cam a2200000 a 4500
001 UCF6207
003 CL-VaPUC
008 130418e20100000UK |||||||||||||||||eng|d
020 |a 9781848211858 
082 0 4 |a 551.6  |b CAR  |2 21 
100 0 |a Carrega, Pierre  |e author  |9 568246 
245 1 0 |a Geographical information and climatology 
300 |a 274 p 
942 |c BK 
945 |d 20130418 00:00:00  |a cmena 
260 |a Londres  |b ISTE  |c 2010 
650 0 |a Climatología   |9 262302 
650 0 |a Sistemas de información geográfica   |9 466572 
583 |a last modification  |c 20130418 10:21:00  |k Rodrigo Vera 
490 0 |a Geographical Information Systems Series 
999 |c 351520  |d 351518 
952 |0 0  |1 0  |4 0  |6 551_600000000000000_CAR_2010  |7 0  |8 A  |9 455657  |a BIBING  |b BIBING  |d 2019-11-22  |i 4962494  |l 1  |o 551.6 CAR 2010  |p 4962494  |r 2025-04-21  |s 2025-04-21  |w 2019-11-22  |y BK  |k GEO